| 000 | 00800cam a22002535a 4500 | ||
|---|---|---|---|
| 001 | 12397122 | ||
| 005 | 20170427143542.0 | ||
| 008 | 010502s2000 enka frb f001 0deng d | ||
| 020 | _a0192854097 | ||
| 020 | _a9780192854094 | ||
| 040 |
_aDLC _cDLC _dDLC _dEG-ScBUE _beng |
||
| 082 | 0 | 4 |
_222 _a194 _bSOR |
| 100 | 1 | _aSorell, Tom. | |
| 245 | 1 | 0 |
_aDescartes : _ba very short introduction / _cTom Sorell. |
| 260 |
_aOxford ; _aNew York : _bOxford University Press, _c2000. |
||
| 300 |
_a116 p. : _bill. ; _c18 cm. |
||
| 490 | 0 |
_aVery short introductions ; _v30 |
|
| 504 | _aIncludes bibliographical references and index. | ||
| 600 | 1 | 0 |
_aDescartes, René, _d1596-1650. |
| 650 | 7 |
_aScience _xPhilosophy _xHistory _y17th century. _2BUEsh |
|
| 651 | _2BUEsh | ||
| 653 |
_bHHUUPPSS _cApril2017 |
||
| 942 | _2ddc | ||
| 999 |
_c24728 _d24700 |
||